| Registos Bibliográficos associados ao registo de autoridade |
|
Etiqueta de registo: 00491nam 2200169 450 001 2215665 003 http://id.bnportugal.gov.pt/bib/catbnp/2215665 100 ## $a20250526d1962 m y0pory01030103ba 101 1# $afre$cger 102 ## $aFR 106 ## $ar 200 1# $a La nature dans la physique contemporaine 210 #9 $aParis$cGallimard,$dcop. 1962 215 ## $a190, [2] p.$d17 cm 225 2# $aIdées 317 ## $aBiblioteca de Vítor Ferreira de Jesus$5PTBN: S.A. 60118 P. 675 ## $a53$vBN$zpor$3918463 700 #1 $aHeisenberg,$bWerner,$f1901-1976$333299 702 #1 $aKarvelius,$bUgné$4730$3806133 702 #1 $aLeroy,$bA. E.$4730$31956216 801 #0 $aPT$bBN$gRPC 966 ## $lBN$mFGMON$sS.A. 60118 P.$x3 971 ## $ccsilva$d20250526 972 ## $e0$z0$d20260514$vlrevez 973 ## $cigoulao$d20260430
|
|
|